000 00229nam a2200097Ia 4500
008 170619s9999 xx 000 0 und d
100 _aGold- Ben
245 0 _aSpeech and Audio Signal Processing
260 _bWiley-India
260 _c2007
546 _aENGLISH
999 _c20500
_d20500